Del tiempo y el río: una leyenda sobre la ansiedad del hombre en su juventud
Bewaard in:
| Hoofdauteur: | |
|---|---|
| Formaat: | Boek |
| Taal: | Spaans |
| Gepubliceerd in: |
Barcelona
Montesinos
1985
|
| Reeks: | Visio Tundali. Clásicos
|
| Onderwerpen: | |
| Tags: |
Voeg label toe
Geen labels, Wees de eerste die dit record labelt!
|
MARC
| LEADER | 00000nam a2200000 a 4500 | ||
|---|---|---|---|
| 001 | UCV7817 | ||
| 003 | CL-VaPUC | ||
| 008 | 891018e19850000SP |||||||||||||||||spa|d | ||
| 082 | 0 | 4 | |a 813 |b WOL |2 21 |
| 100 | 0 | |a Wolfe, Thomas Clayton |e author |9 301934 | |
| 245 | 1 | 0 | |a Del tiempo y el río: una leyenda sobre la ansiedad del hombre en su juventud |
| 300 | |a 713 p | ||
| 942 | |c BK | ||
| 945 | |d 19891018 00:00:00 | ||
| 260 | |a Barcelona |b Montesinos |c 1985 | ||
| 650 | 0 | |a Novelas estadounidenses |9 265217 | |
| 583 | |a last modification |c 19891018 00:00:00 |k Rodrigo Vera | ||
| 490 | 0 | |a Visio Tundali. Clásicos | |
| 999 | |c 213436 |d 213434 | ||
| 952 | |0 0 |1 0 |4 0 |6 813_000000000000000_WOL_1985 |7 0 |8 P |9 195802 |a BIBARQ |b BIBARQ |d 2019-11-14 |i 2638045 |o 813 WOL 1985 |p 2638045 |r 2025-01-20 |w 2019-11-14 |y BK |k ARQ | ||